000 00427nam a2200181Ia 4500
008 230524s9999 xx 000 0 und d
020 _a9788126530038
082 _a551.49
_bTOD
100 _aDavid K.Todd
245 0 _aGroundwater Hydrology
250 _a3
260 _aNew Delhi
_bJ.wiley
_c2015
300 _a"xvii,625p;"
500 _aQuantity Number: 3
650 _aCivil
700 _aLarry W.Mays
942 _cBK
999 _c55759
_d55759